| 000 | 00760nam a22002531i 4500 | ||
|---|---|---|---|
| 005 | 20210906093511.0 | ||
| 008 | 210906t20192021-uk |||g ||| 000 0 eng d | ||
| 020 |
_a9780008434045 _cRM 46.50 _qhardback |
||
| 040 |
_aPPAK _beng _cPPAK _erda |
||
| 082 | 0 | 4 |
_223 _a363.7387 |
| 090 | 0 | 0 |
_a363.7387 _bFRA _dG |
| 100 | 1 |
_aFranzen, Jonathan _eauthor. |
|
| 245 | 1 | 0 |
_aWhat if We Stopped Pretending ? / _cJonathan Franzen |
| 264 | 1 |
_aLondon : _b4th Estate, _c2021. |
|
| 264 | 4 | _c©2021 | |
| 300 |
_a70 pages ; _c19 cm. |
||
| 336 |
_2rdacontent _atext |
||
| 337 |
_2rdamedia _aunmediated |
||
| 338 |
_2rdacarrier _avolume |
||
| 650 | 1 | 0 | _aClimatic changes |
| 650 | 2 | 0 | _aGlobal environmental change |
| 650 | 2 | 0 |
_aNature _xEffect of human beings on |
| 942 |
_2ddc _cB |
||
| 999 |
_c184810 _d184810 |
||